|
|
|
|
| LEADER |
00918cam a2200253 7i4500 |
| 001 |
0000067174 |
| 005 |
20220315090000.0 |
| 020 |
|
|
|a 9781119618553
|
| 020 |
|
|
|a 9781119618577 (electronic book)
|
| 090 |
0 |
0 |
|a TA1637
|b .P48 2021
|
| 100 |
1 |
|
|a Petrou, Maria
|
| 245 |
1 |
0 |
|a Image processing :
|b dealing with texture
|c Maria Petrou, Sei-ichiro Kamata.
|
| 250 |
|
|
|a Second edition.
|
| 264 |
|
|
|a Hoboken:
|b John Wiley,
|c 2021.
|
| 300 |
|
|
|a 1 online resource (x, 806 pages):
|b text file, PDF.
|
| 336 |
|
|
|a text
|2 rdacontent
|
| 337 |
|
|
|a computer
|2 rdamedia
|
| 338 |
|
|
|a online resource
|2 rdacarrier
|
| 650 |
0 |
0 |
|a Image processing --
|x Digital techniques
|
| 655 |
0 |
0 |
|a Electronic books
|
| 700 |
1 |
|
|a Kamata, Sei-ichiro
|
| 856 |
4 |
2 |
|u http://library.unisel.edu.my/web/guest/mylibrary
|
| 997 |
|
|
|a Communication, Visual Art & Computing, Faculty
|b Computing, Department
|
| 999 |
|
|
|a EBO0011825
|b EBOOK
|c EBOOK
|e Electronic resources
|